Modern-Day Countries of the Grand Duchy of Lithuania with a Map - Statistics

General Stats
  • This quiz has been taken 4,362 times
  • The average score is 7 of 7
Answers on the Map
Answers color-coded by a green-red scale on the quiz's map according to % correct below.
 
Answer Stats
Countries % Correct
Belarus
100%
Russia
100%
Latvia
99%
Lithuania
99%
Poland
99%
Ukraine
99%
Moldova
96%
No matching quizzes found
Score Distribution
Percent of People with Each Score
Percentile by Number Answered
Your Score History
You have not taken this quiz